Cats! Characters - Statistics

General Stats
  • This quiz has been taken 7 times
  • The average score is 16 of 35
Answer Stats
Answer % Correct
Asparagus
83%
Old Deuteronomy
83%
Rum Tum Tugger
83%
Grizabella
67%
Jennyanydots
67%
Macavity
67%
Mungojerrie
67%
Rumpleteazer
67%
Bill Bailey
50%
Bustopher Jones
50%
Griddlebone
50%
Growltiger
50%
Jemima
50%
Mister Mistoffelees
50%
Skimbleshanks
50%
Victor
50%
Victoria
50%
Admetus
33%
Alonzo
33%
Bombalurina
33%
Carbucketty
33%
Cassandra
33%
Coricopat
33%
Demeter
33%
Electra
33%
Etcetera
33%
Jellylorum
33%
Munkustrap
33%
Plato
33%
Pouncival
33%
Quaxo
33%
Rumpus Cat
33%
Tantomile
33%
Tumblebrutus
17%
Sillabub
0%
No matching quizzes found
Score Distribution
Percent of People with Each Score
Percentile by Number Answered
Your Score History
You have not taken this quiz